Dictamen en que la Comision de Instruccion presenta al Congreso de la Puebla el plan de enseñanza publica en el Estado

Detalles Bibliográficos
Autor Corporativo: Comisión de Instrucción (Puebla)
Formato: Libro
Lenguaje:Spanish
Publicado: Puebla : imprenta del Gobierno, 1828.
Materias:
Colección:Banco de datos
Acervo:Biblioteca Palafoxiana. Colección de Pliegos Sueltos
Descripción Física:12 p. ; 4°
Tema general:Derecho civil
Notas:Sello en tinta de la Biblioteca Pública Palafoxiana
LEADER 00628nam a22001810004500
035 |a 2095 
041 0 |a spa 
082 0 4 |a FR/PAFX/IMPS/C079/02416 
110 1 |a Comisión de Instrucción (Puebla) 
245 1 0 |a Dictamen en que la Comision de Instruccion presenta al Congreso de la Puebla el plan de enseñanza publica en el Estado  
260 |a Puebla : imprenta del Gobierno, 1828.  
300 |a 12 p. ; 4° 
500 |a Sello en tinta de la Biblioteca Pública Palafoxiana 
650 1 0 |a Derecho civil 
949 |a I02416 
942 |c PALAPLIE 
943 |g Biblioteca Palafoxiana. Colección de Pliegos Sueltos 
999 |c 1075385  |d 1075385